000 00526nam a22001937a 4500
008 151022b xxu||||| |||| 00| 0 eng d
020 _a003075481X
041 0 _aeng
080 _a336
100 1 _aGitman, Lawrence J.
245 1 0 _aPersonal financial planning /
_cLawrence J. Gitman, Michael D. Joehnk.
250 _a6th ed.
260 _aFort Worth :
_bDryden Press,
_c1993.
300 _axxi, 740 f. :
_bme il.;
_c27 cm.
650 0 _aFinanca
650 0 _aPersonale
700 1 _aJoehnk, Michael D.
942 _2udc
_cBK
999 _c1336
_d1336